Movies Quiz

Random Movies or Oscar Quiz

Pixar Best Original Song Nominees Quiz Stats

 Plays Quiz not verified by Sporcle

Challenge
Share
Tweet
Embed
Score 0/7 Timer 01:30
0 Plays Today
Film Song % Correct
Toy StoryYou've Got a Friend in Me
95.3%
CocoRemember Me
62.5%
Toy Story 2When She Loved Me
56.2%
Monsters, Inc.If I Didn't Have You
45.1%
Toy Story 3We Belong Together
31.3%
WALL-EDown to Earth
23.4%
CarsOur Town
21.9%

You're not logged in!

Compare scores with friends on all Sporcle quizzes.
OR
Log In

You Might Also Like...

Show Comments

Extras

Top Quizzes Today


Score Distribution

Your Account Isn't Verified!

In order to create a playlist on Sporcle, you need to verify the email address you used during registration. Go to your Sporcle Settings to finish the process.

Report this User

Report this user for behavior that violates our Community Guidelines.

Details: